| 000 | 00662nam a22002297a 4500 | ||
|---|---|---|---|
| 999 |
_c4535 _d4535 |
||
| 003 | AR-CdUCM | ||
| 008 | 190308b ||||| |||| 00| 0 spa d | ||
| 020 | _a84-278-0922-0 | ||
| 040 |
_aMUNICIPALIDAD PROVINCIAL DEL CUSCO _cBIBLIOTECA MUNICIPAL DEL CUSCO |
||
| 041 | _hita | ||
| 082 |
_a858.8 / _bSA18 |
||
| 100 |
_aSalgari, Emilio _9800 |
||
| 245 | _aLa hija del Corsario Negro / | ||
| 260 |
_aEspaña : _bEdiciones nauta, _c1984. |
||
| 300 |
_a190 páginas ; _c18 cm. |
||
| 440 |
_aNauta. _n12 _914203 |
||
| 650 |
_aNovelas italianas _99329 |
||
| 650 |
_aSiglo XIX _9971 |
||
| 650 |
_aTraducciones al español _91053 |
||
| 942 |
_2ddc _cLIBROS |
||
| 945 | _azta | ||